Guide to Part F of the Building Regulations (Record no. 105298)

MARC details
000 -LEADER
fixed length control field 00810cam a2200253 4500
001 - CONTROL NUMBER
control field ##L132981
008 - FIXED-LENGTH DATA ELEMENTS--GENERAL INFORMATION
fixed length control field 060329n2006 000 0 eng u
020 ## - INTERNATIONAL STANDARD BOOK NUMBER
International Standard Book Number 1859461980
035 ## - SYSTEM CONTROL NUMBER
System control number (Sirsi) u132981
041 0# - LANGUAGE CODE
Language code of text/sound track or separate title eng
050 04 - LIBRARY OF CONGRESS CALL NUMBER
Classification number 692.2 $2 18
110 2# - MAIN ENTRY--CORPORATE NAME
Corporate name or jurisdiction name as entry element Building Performance Group
9 (RLIN) 3984
245 00 - TITLE STATEMENT
Title Guide to Part F of the Building Regulations
Remainder of title ventilation 2006 edition
260 ## - PUBLICATION, DISTRIBUTION, ETC.
Place of publication, distribution, etc. London
Name of publisher, distributor, etc. NBS
Date of publication, distribution, etc. 2006
300 ## - PHYSICAL DESCRIPTION
Extent v, 47p.
Dimensions 30cm.
350 ## - PRICE (NR) (BK AM CF MU VM SE) [OBSOLETE]
Price 15
520 ## - SUMMARY, ETC.
Summary, etc. Provides guidance for designers on complying with the revised Part F. Includes a glossary of terms. Tables.
590 ## - LOCAL NOTE (RLIN)
Local note IKA050906, KA
650 24 - SUBJECT ADDED ENTRY--TOPICAL TERM
Topical term or geographic name entry element BUILDING REGULATIONS 2000 APPROVED DOCUMENT F (2006 EDITION)
651 #4 - SUBJECT ADDED ENTRY--GEOGRAPHIC NAME
Geographic name England and Wales
Chronological subdivision 1543-
690 ## - LOCAL SUBJECT ADDED ENTRY--TOPICAL TERM (OCLC, RLIN)
Topical term or geographic name as entry element Building regulations
9 (RLIN) 6224
942 ## - ADDED ENTRY ELEMENTS (KOHA)
Suppress in OPAC 0
Holdings
Withdrawn status Lost status Source of classification or shelving scheme Damaged status Not for loan Home library Current library Shelving location Date acquired Cost, normal purchase price Total Checkouts Full call number Barcode Date last seen Date last checked out Copy number Cost, replacement price Price effective from Koha item type
    Dewey Decimal Classification     London London Folio 04/09/2006 12.75 2 F692.2 BUI 30073210 06/08/2019 13/10/2006 1 12.75 06/08/2019 Book